Die gestohlene Kindheit: sexueller Mißbrauch an Kindern ; die Tatsachen und Wege zur Bewältigung

Saved in:  
Bibliographic Details
Authors: Bauernfeind, Yasmina (Author) ; Schäfer, Marlies (Author)
Format: Print Book
Language:German
Published: München Droemer Knaur 1992
In:Year: 1992
Edition:1. [print.]
Online Access: Table of Contents
Table of Contents
Availability in Tübingen:Present in Tübingen.
IFK: E XI 51
Check availability: HBZ Gateway
Subito Delivery Service: Order now.
Keywords:

MARC

LEADER 00000cam a2200000 c 4500
001 026231824
003 DE-627
005 20260206204846.0
007 tu
008 920604s1992 gw ||||| 00| ||ger c
015 |a 92,A34,0301  |2 dnb 
016 7 |a 920992242  |2 DE-101 
020 |a 3426266113  |9 3-426-26611-3 
035 |a (DE-627)026231824 
035 |a (DE-603)021201501 
035 |a (DE-576)027552160 
035 |a (DE-599)GBV026231824 
035 |a (OCoLC)75282454 
035 |a (OCoLC)75282454 
035 |a (DE-Rt5)2055662 
040 |a DE-627  |b ger  |c DE-627  |e rakwb 
041 |a ger 
044 |c XA-DE 
082 0 4 |a 11  |q dnb 
084 |a S 618  |2 sfb 
084 |a 14  |2 sdnb 
084 |a 11  |2 sdnb 
084 |a 19  |2 sdnb 
084 |a MS 2880  |2 rvk  |0 (DE-625)rvk/123649: 
084 |a CU 7000  |2 rvk  |0 (DE-625)rvk/19119: 
090 |a a 
100 1 |a Bauernfeind, Yasmina  |4 aut 
245 1 4 |a Die gestohlene Kindheit  |b sexueller Mißbrauch an Kindern ; die Tatsachen und Wege zur Bewältigung  |c Yasmina Bauernfeind ; Marlies Schäfer 
250 |a 1. [print.] 
264 1 |a München  |b Droemer Knaur  |c 1992 
300 |a 239 S  |c 21 cm 
336 |a Text  |b txt  |2 rdacontent 
337 |a ohne Hilfsmittel zu benutzen  |b n  |2 rdamedia 
338 |a Band  |b nc  |2 rdacarrier 
500 |a Literaturverz. S. 238 - 239 
505 8 |a Literaturverz. S. 238 - 239 
650 0 7 |0 (DE-588)4030550-8  |0 (DE-627)104360100  |0 (DE-576)208988165  |a Kind  |2 gnd 
650 0 7 |0 (DE-588)4126865-9  |0 (DE-627)105729094  |0 (DE-576)20958873X  |a Sexueller Missbrauch  |2 gnd 
650 4 |a Kind 
650 4 |a Sexueller Missbrauch 
650 4 |a Opfer, Straftäter, Therapie, Sexualstraftat, Erzieher, Pädagoge, Ärzte 
689 0 0 |d s  |0 (DE-588)4030550-8  |0 (DE-627)104360100  |0 (DE-576)208988165  |a Kind  |2 gnd 
689 0 1 |d s  |0 (DE-588)4126865-9  |0 (DE-627)105729094  |0 (DE-576)20958873X  |a Sexueller Missbrauch  |2 gnd 
689 0 |5 DE-101 
700 1 |a Schäfer, Marlies  |4 aut 
856 4 2 |u http://www.gbv.de/dms/hebis-darmstadt/toc/21201501.pdf  |m V:DE-603  |m B:DE-17  |q pdf/application  |x Verlag  |y Inhaltsverzeichnis  |3 Inhaltsverzeichnis  |7 1 
856 4 2 |u http://scans.hebis.de/HEBCGI/show.pl?02120150_toc.pdf  |m V:DE-603;B:DE-17  |q application/pdf  |3 Inhaltsverzeichnis  |7 1 
889 |w (DE-627)11796073X 
935 |i sf 
935 |i Blocktest 
935 |h HEB  |i 0501 
935 |h HEB  |i 0503 
936 r v |a MS 2880  |b Sexuierte Praktiken (Prostitution, Pornographie, auch abweichendes Sexualverhalten, etc.)  |k Soziologie  |k Spezielle Soziologien  |k Soziologische Geschlechterforschung (Gender Studies)  |k Sexuierte Praktiken (Prostitution, Pornographie, auch abweichendes Sexualverhalten, etc.)  |0 (DE-627)1271304899  |0 (DE-625)rvk/123649:  |0 (DE-576)201304899 
936 r v |a CU 7000  |b Psychologische Beratung (außer Berufsberatung)  |k Psychologie  |k Klinische Psychologie  |k Psychologische Beratung (außer Berufsberatung)  |0 (DE-627)1271484412  |0 (DE-625)rvk/19119:  |0 (DE-576)201484412 
936 s n |a c200  |2 mzub 
936 s n |a m200  |2 mzub 
951 |a BO 
ELC |b 1 
LOK |0 000 xxxxxcx a22 zn 4500 
LOK |0 001 3108091646 
LOK |0 003 DE-627 
LOK |0 004 026231824 
LOK |0 005 20020607000000 
LOK |0 008 930622||||||||||||||||ger||||||| 
LOK |0 040   |a DE-21-110  |c DE-627  |d DE-21-110 
LOK |0 852   |a DE-21-110 
LOK |0 852 1  |c E XI 51  |m p  |9 00 
LOK |0 935   |a k110 
LOK |0 936ln  |a 9.5.3 
LOK |0 938   |k p 
LOK |0 939   |a 22-06-93  |b l01 
ORI |a SA-MARC-krimdoka001.raw 
SIG |a IFK: E XI 51